Технология развития критического мышления в работе с детьми с ограниченными возможностями: проектирование и реализация материалов (Запись № 3674566)

Подробности
000 -МАРКЕР
контрольное поле 02458nam0a2200349 i 4500
001 - ИДЕНТИФИКАТОР ЗАПИСИ
контрольное поле RU\NLR\bibl\1960410
005 - ИДЕНТИФИКАТОР ВЕРСИИ
контрольное поле 20260407190119.0
010 ## - МЕЖДУНАРОДНЫЙ СТАНДАРТНЫЙ НОМЕР КНИГИ (ISBN)
Номер (ISBN) 9785902064510
Тираж 100
021 ## - НОМЕР ГОСУДАРСТВЕННОЙ РЕГИСТРАЦИИ
Код страны Российская Федерация
Номер 2012-76171
Номер Листа государственной регистраци 5650
035 ## - ДРУГИЕ СИСТЕМНЫЕ НОМЕРА
Идентификатор записи (NLR Aleph) 001949424
100 ## - ДАННЫЕ ОБЩЕЙ ОБРАБОТКИ
Данные общей обработки 20121026d2011 u y0rusy50 ca
101 0# - ЯЗЫК РЕСУРСА
Язык текста, звукозаписи и т.д. русский
102 ## - СТРАНА ПУБЛИКАЦИИ ИЛИ ПРОИЗВОДСТВА
Страна публикации Российская Федерация
105 ## - ПОЛЕ КОДИРОВАННЫХ ДАННЫХ: ТЕКСТОВЫЕ МАТЕРИАЛЫ, МОНОГРАФИЧЕСКИЕ
Кодированные данные о монографическом текстовом документе a j|||000yy
200 1# - ЗАГЛАВИЕ И СВЕДЕНИЯ ОБ ОТВЕТСТВЕННОСТИ
Основное заглавие Технология развития критического мышления в работе с детьми с ограниченными возможностями: проектирование и реализация материалов
Сведения, относящиеся к заглавию методическое пособие
-- [для педагогов специальных коррекционных образовательных учреждений]
Первые сведения об ответственности Учреждение Рос. акад. образования "Ин-т пед. образования", Гос. спец. (коррекц.) образоват. учреждение для обучающихся, воспитанников с отклонениями в развитии спец. (коррекц.) общеобразоват. шк. (VI вида) N°616
Последующие сведения об ответственности [под общ. ред. М.Б. Лебедевой]
210 ## - ПУБЛИКАЦИЯ, РАСПРОСТРАНЕНИЕ И ДР.
Место издания, распространения и т.д. Санкт-Петербург
Имя издателя, распространителя и т. д. Учреждение Российской академии образования "Институт педагогического образования"
Дата издания, распространения и т.д. 2011
215 ## - ФИЗИЧЕСКАЯ ХАРАКТЕРИСТИКА
Специфическое обозначение материала и объем 82 с.
Другие сведения о физической характеристике ил.
Размеры 21
320 ## - ПРИМЕЧАНИЯ О НАЛИЧИИ В ДОКУМЕНТЕ БИБЛИОГРАФИИ / УКАЗАТЕЛЯ
Текст примечания Библиогр.: с. 68 (13 назв.)
606 1# - НАИМЕНОВАНИЕ ТЕМЫ КАК ПРЕДМЕТ
Наименование темы Дефектологи
Формальный подзаголовок Методические пособия
Тематический подзаголовок Развитие критического мышления
Системный номер авторитетной/нормативной записи 2229179
Идентификатор авторитетной/нормативной записи RU\NLR\AUTH\6601570693
606 1# - НАИМЕНОВАНИЕ ТЕМЫ КАК ПРЕДМЕТ
Наименование темы Дети с ограниченными возможностями здоровья
Формальный подзаголовок Методические пособия
Тематический подзаголовок Развитие мышления
Системный номер авторитетной/нормативной записи 2229184
Идентификатор авторитетной/нормативной записи RU\NLR\AUTH\6601570695
686 1# - ИНДЕКСЫ ДРУГИХ КЛАССИФИКАЦИЙ
Индекс Ч489.518.7я8
686 1# - ИНДЕКСЫ ДРУГИХ КЛАССИФИКАЦИЙ
Индекс Ч489.511.2я8
686 1# - ИНДЕКСЫ ДРУГИХ КЛАССИФИКАЦИЙ
Индекс Ч430.122.1я8
702 #1 - ИМЯ ЛИЦА - ВТОРИЧНАЯ ОТВЕТСТВЕННОСТЬ
Код отношения Редактор
Материалы, к которым относится поле rus
Графика поля Кириллица
Начальный элемент ввода Лебедева
Часть имени, кроме начального элемента ввода М. Б.
Дополнения к именам, кроме дат д-р пед. наук
Расширение инициалов личного имени Маргарита Борисовна
Идентификатор авторитетной/нормативной записи RU\NLR\AUTH\7746040
Системный номер авторитетной/нормативной записи 28975
712 02 - НАИМЕНОВАНИЕ ОРГАНИЗАЦИИ - ВТОРИЧНАЯ ОТВЕТСТВЕННОСТЬ
Код отношения Прочие
Начальный элемент ввода Институт педагогического образования
Идентифицирующий признак Санкт-Петербург
Идентификатор авторитетной/нормативной записи RU\NLR\AUTH\8810122738
Системный номер авторитетной/нормативной записи 743414
801 #0 - ИСТОЧНИК ЗАПИСИ
Страна Российская Федерация
Организация NLR
Дата составления 20121026
Правила каталогизации RCR
801 #1 - ИСТОЧНИК ЗАПИСИ
Страна Российская Федерация
Организация NLR
Дата составления 20121026
942 ## - ДОПОЛНИТЕЛЬНЫЕ ЭЛЕМЕНТЫ ЗАПИСИ (АБИС)
Тип экземпляра АБИС Книга
980 ## - КОЛЛЕКЦИЯ
Название коллекции НБР

Нет доступных экземпляров.